| 000 | 01899cas a2200325 i 4500 | ||
|---|---|---|---|
| 001 | 000037314 | ||
| 003 | DO-SdBNP | ||
| 005 | 20260120094650.0 | ||
| 007 | ta | ||
| 008 | 120323c2009 dr qr1p|dd || |0spa d | ||
| 040 |
_aDO-SdBNP _bspa _cBNPHU _erda |
||
| 041 | _hspa | ||
| 043 | _anwdr | ||
| 130 | 0 |
_aSaber vivir (Santo Domingo, República Dominicana) _963767 |
|
| 245 | 0 | 0 |
_aSaber vivir / _cCentro Cuesta Nacional. |
| 264 |
_aSanto Domingo, República Dominicana : _bAsalvo Comunicación, _c2009-. |
||
| 300 |
_avolumen : _bilustraciones, fotografías ; _c29 cm. |
||
| 310 | _aBimestral. | ||
| 336 |
_atexto _btxt _2rdacontent |
||
| 337 |
_asin mediación _bn _2rdamedia |
||
| 338 |
_avolumen _bnc _2rdacarrier |
||
| 362 | 1 | _aInicia con: No. 1 (2009). | |
| 500 | _aDescripción basada en : No. 1 (2009). | ||
| 520 | _aRevista institucional del Centro Cuesta Nacional (CCN) que enseña a los lectores a convivir con mayor calidad, a cuidar su salud, su entorno y su bienestar físico y mental. Surge con la idea de desarrollar un medio de comunicación directo con los clientes, que abarca diferentes temas de su diario vivir, colaborando de forma directa con su desarrollo social y familiar, brindando soluciones a sus situaciones diarias. El atractivo de la revista se basa en la combinación de entretenimiento, con útiles consejos en tono amistoso, adornado con atrayentes imágenes, reportajes que dan pistas sobre alimentación, cocina sana, moda, familia e información de interés (http://diariosocialrd.com/lanzamientos/ccn-relanza-revista-saber-vivir/6220/html/). | ||
| 650 | 2 | 4 |
_aVida y salud _vPublicaciones periódicas _zRepública Dominicana _963768 |
| 650 | 2 | 4 |
_aBienestar _vPublicaciones periódicas _zRepública Dominicana _963769 |
| 651 | 4 |
_aRepública Dominicana _vPublicaciones periódicas _925092 |
|
| 710 | 2 |
_aCentro Cuesta Nacional _963770 |
|
| 942 |
_2ddc _cISSUE |
||
| 999 |
_c36804 _d36804 |
||